Expediency rules OK (Record no. 65725)

MARC details
000 -LEADER
fixed length control field 01610cam a2200229 4500
001 - CONTROL NUMBER
control field ABS63329
008 - FIXED-LENGTH DATA ELEMENTS--GENERAL INFORMATION
fixed length control field 000000n2000 000 0 eng u
035 ## - SYSTEM CONTROL NUMBER
System control number (Sirsi) u110208
100 ## - MAIN ENTRY--PERSONAL NAME
Personal name Berry, C
245 ## - TITLE STATEMENT
Title Expediency rules OK
260 ## - PUBLICATION, DISTRIBUTION, ETC.
Date of publication, distribution, etc. 2000
490 ## - SERIES STATEMENT
Series statement Solicitors' Journal
Volume/sequential designation 144(46) 8 December 2000, 1128-1129(2)
520 ## - SUMMARY, ETC.
Summary, etc. Studies the House of Lords decision in the case "Cadogan Estates Ltd v McMahon" where the landlords sought possession on the sole ground of the tenant's bankruptcy. HL upheld the CA decision that C had right of re-entry, consistent with the terms of the Rent Act 1977 s3(1) but from remarks made by one Lord, it would appear that they were unsure whether or not they should overturn the CA decision and allow M to appeal. HL arrived at a decision over the question of whether M had a legal obligation not to become bankrupt and whether or not a possession order should have been made against M where his rent was paid although he was bankrupt but the article argues that it was a 'strained' construction and examines the opinions and arguments put forward by the Lords themselves to illustrate this. Despite Lord Millet's conclusion the majority decided that the construction could be relied upon where the end result appears to be what Parliament intended, despite the poor drafting of the statute.
590 ## - LOCAL NOTE (RLIN)
Local note ABS
650 ## - SUBJECT ADDED ENTRY--TOPICAL TERM
Topical term or geographic name entry element CADOGAN ESTATES LTD V MCMAHON
650 ## - SUBJECT ADDED ENTRY--TOPICAL TERM
Topical term or geographic name entry element RENT ACT 1977 S3
650 ## - SUBJECT ADDED ENTRY--TOPICAL TERM
Topical term or geographic name entry element STATUTORY TENANCY
650 ## - SUBJECT ADDED ENTRY--TOPICAL TERM
Topical term or geographic name entry element BANKRUPTCY
650 ## - SUBJECT ADDED ENTRY--TOPICAL TERM
Topical term or geographic name entry element INTERPRETATION
690 ## - LOCAL SUBJECT ADDED ENTRY--TOPICAL TERM (OCLC, RLIN)
Topical term or geographic name as entry element LANDLORD AND TENANT-RESIDENTIAL TENANCIES-CASE LAW
942 ## - ADDED ENTRY ELEMENTS (KOHA)
Suppress in OPAC 0
Holdings
Withdrawn status Lost status Source of classification or shelving scheme Damaged status Not for loan Home library Current library Shelving location Date acquired Total Checkouts Full call number Barcode Date last seen Copy number Price effective from Koha item type
    Dewey Decimal Classification     London London Journal article 08/01/2001   ABS63329 110208-1001 06/08/2019 1 06/08/2019 Journal article